| 000 | 00894nam a2200265 a 4500 | ||
|---|---|---|---|
| 001 | 58055 | ||
| 003 | BD-RjUL | ||
| 005 | 20211209080601.0 | ||
| 008 | 161215s2011 nyuab b 001 0 eng | ||
| 020 | _a9780199569090 (pbk.) | ||
| 035 | _a(BD-RjUL) 58179 | ||
| 040 |
_aDLC _cDLC _dBD-RjUL _beng |
||
| 041 | _aeng | ||
| 082 |
_223 _a327 _bBAG 2011 |
||
| 100 | 1 |
_aBaylis, John _9172428 |
|
| 245 | 1 | 4 |
_aThe globalization of world politics : _ban introduction to international relations / _cJohn Baylis, Steve Smith, Patricia Owens. |
| 250 | _a5th ed. | ||
| 260 |
_aNew York : _bOxford University Press, _c2011. |
||
| 300 |
_axxxvii, 636 p. : _bill. ; _c27 cm. |
||
| 504 | _aIncludes bibliographical references (p. [579]-599) and index. | ||
| 650 | 0 |
_aInternational relations _9172346 |
|
| 700 | 1 |
_aSmith, Steve, _d1952- _9172429 |
|
| 700 | 1 |
_aOwens, Patricia, _d1975- _9172430 |
|
| 942 |
_2ddc _cBK |
||
| 999 |
_c58055 _d58055 |
||